[Event "TexOhma Amateur op"]
[Site "Dallas"]
[Date "2000.01.15"]
[Round "3"]
[White "Montany, Eric S"]
[Black "Littlejohn, Kristoffer K"]
[Result "1-0"]
[WhiteElo "1730"]
[BlackElo "1735"]
[PlyCount "87"]
[EventDate "2000.01.15"]
[EventType "swiss"]
[EventRounds "5"]
[EventCountry "USA"]
[SourceTitle "EXT 2002"]
[Source "ChessBase"]
[SourceDate "2001.11.25"]
[SourceVersion "1"]
[SourceVersionDate "2001.11.25"]
[SourceQuality "1"]

1. d4 Nf6 2. c4 g6 3. Nc3 d5 4. Nf3 Bg7 5. Bg5 c6 6. cxd5 cxd5 7. Qb3 e6 8. e3 0-0 9. Bd3 Nc6 10. h3 a6 11. 0-0 Ne7 12. Na4 Ne4 13. Bf4 b5 14. Nc5 Nxc5 15. dxc5 Nc6 16. Bd6 Re8 17. Rfd1 Bf8 18. Bxf8 Rxf8 19. Be2 Qf6 20. a4 b4 21. Nd4 Bd7 22. Bf3 Rfb8 23. Nxc6 Bxc6 24. a5 Bb5 25. Rac1 Bc4 26. Rxc4 dxc4 27. Qxc4 Ra7 28. c6 Qe7 29. Qd4 Rc8 30. Qb6 e5 31. Bg4 f5 32. Be2 Rac7 33. Bxa6 Rxc6 34. Bxc8 Rxb6 35. axb6 e4 36. Rc1 Qd6 37. Be6+ Kg7 38. b7 Qd2 39. Rc7+ Kh6 40. b8Q Qd1+ 41. Kh2 Qd6+ 42. g3 Qd2 43. Qf8+ Kg5 44. Qe7+ 1-0